[Event "SRB-ch U18"]
[Site "Subotica"]
[Date "2021.05.07"]
[Round "6"]
[White "Ivanovic, Marko"]
[Black "Obradovic, Milos"]
[Result "1-0"]
[WhiteElo "2264"]
[BlackElo "1664"]
[PlyCount "65"]
[EventDate "2021.05.03"]
[EventType "tourn"]
[EventRounds "9"]
[EventCountry "SRB"]
[SourceTitle "EXT 2022"]
[Source "ChessBase"]
[SourceDate "2021.10.06"]
[SourceVersion "1"]
[SourceVersionDate "2021.10.06"]
[SourceQuality "1"]

1. Nf3 d5 2. g3 Nf6 3. Bg2 c6 4. 0-0 e6 5. d3 Nbd7 6. Nbd2 Bd6 7. e4 e5 8. Nh4 Nf8 9. Re1 Qb6 10. c3 g5 11. Nhf3 g4 12. Nxe5 Bxe5 13. exd5 cxd5 14. Rxe5+ Be6 15. Nb3 Ng6 16. Re1 Kf8 17. Be3 Qc7 18. Qd2 h5 19. Bd4 Qd8 20. Qg5 Kg7 21. Nc5 Re8 22. Nxb7 Qe7 23. Nd6 Qxd6 24. Qxf6+ Kf8 25. Be3 Rec8 26. Bh6+ Ke8 27. Bd2 Kd7 28. c4 Rab8 29. a3 Re8 30. cxd5 Bxd5 31. Qxd6+ Kxd6 32. Rxe8 Rxe8 33. Bb4+ 1-0

[Event "SRB-ch U18"]
[Site "Subotica"]
[Date "2021.05.06"]
[Round "5"]
[White "Obradovic, Milos"]
[Black "Miklic, Nikola"]
[Result "1-0"]
[WhiteElo "1664"]
[BlackElo "1431"]
[PlyCount "61"]
[EventDate "2021.05.03"]
[EventType "tourn"]
[EventRounds "9"]
[EventCountry "SRB"]
[SourceTitle "EXT 2022"]
[Source "ChessBase"]
[SourceDate "2021.10.06"]
[SourceVersion "1"]
[SourceVersionDate "2021.10.06"]
[SourceQuality "1"]

1. d4 d5 2. c4 dxc4 3. Nf3 Bf5 4. Nc3 e6 5. e4 Bg6 6. a3 Nf6 7. e5 Nd5 8. Bxc4 c6 9. h4 Be7 10. Bd2 Nd7 11. Qe2 h6 12. g4 b5 13. h5 Bh7 14. Bxd5 exd5 15. e6 Nf6 16. exf7+ Kxf7 17. g5 hxg5 18. Nxg5+ Ke8 19. Rg1 Qd6 20. Ne6 Kd7 21. Nc5+ Kc7 22. Rxg7 Rae8 23. Rc1 Kb8 24. Be3 Bf5 25. Na6+ Ka8 26. Qf3 Rxh5 27. Kd2 Be4 28. Qe2 Rh7 29. Rxh7 Nxh7 30. Nxb5 cxb5 31. Nc7+ 1-0